Statistics for New Jersey Counties

Click here to take the quiz!

General Stats

  • This quiz has been taken 7,214 times
  • The average score is 14 of 21

Answers on the Map

Answers color-coded by a green-red scale on the quiz's map according to % correct below.
Loading ...
 

Answer Stats

County% Correct
Ocean
82%
Essex
81%
Bergen
79%
Atlantic
78%
Cape May
77%
Sussex
75%
Camden
73%
Passaic
70%
Middlesex
70%
Monmouth
68%
Hudson
67%
Union
65%
Burlington
63%
Morris
62%
Somerset
58%
Mercer
58%
Gloucester
56%
Hunterdon
55%
Warren
55%
Cumberland
52%
Salem
51%

Score Distribution

Percentile by Number Answered

Percent of People with Each Score

Your Score History

You have not taken this quiz